| 000 | 01056nam a2200301 i 4500 | ||
|---|---|---|---|
| 001 | 187065 | ||
| 003 | ES-MaACL | ||
| 005 | 20250731020502.0 | ||
| 008 | 170407r19891918sp |||| |dspa d | ||
| 020 | _a84-86884-67-5 | ||
| 080 | _a329.12(460)"18/19" | ||
| 080 | _a338(463/464) | ||
| 080 | _a308(463/464) | ||
| 100 | 1 |
_aGómez, Julio Senador. _957780 |
|
| 245 | 1 | 3 |
_aLa ciudad castellana (1918) / _cJulio Senador ; edición al cuidado de José Esteban. |
| 260 |
_aMadrid : _bFundación Banco Exterior, _c1989. |
||
| 300 |
_a118 p. ; _c23 cm. |
||
| 490 | 1 | _aBiblioteca regeneracionista | |
| 504 | _aBibliografía: p. 18. | ||
| 534 |
_pReprod. de. _tLa ciudad castellana: entre todos la matamos_, _cMinerva, 1918. |
||
| 651 | 4 |
_aCastilla- _xSituación económica _97978 |
|
| 651 | 4 |
_aCastilla- _xSituación social. _97979 |
|
| 700 | 1 |
_aEsteban, José, _d1935- _948033 |
|
| 710 | 2 |
_aFundación Banco Exterior. _94226 |
|
| 830 | 0 |
_aBiblioteca regeneracionista _9177460 |
|
| 852 |
_aES-MaACL _jL-31385 |
||
| 999 |
_c187065 _d187065 |
||